Torschützenliste der Ligue 1 2022-2023 - Statistiken

Allgemein
  • Dieses Quiz wurde 28 mal gespielt
  • Das Durchschnittsergebnis liegt bei 6 aus 10
Antwortstatistiken
Tore Nationalität Verein Spieler % Korrekt
29 Frankreich Paris Saint-Germain Kylian Mbappé
100%
24 Kanada OSC Lille Jonathan David
92%
27 Frankreich Olympique Lyon Alexandre Lacazette
88%
5 Frankreich AS Monaco Wissam Ben Yedder
80%
16 Argentinien Paris Saint-Germain Lionel Messi
76%
21 Belgien RC Lens Loïs Openda
72%
6 Vereinigte Staaten Stade Reims Folarin Balogun
28%
18 Nigeria FC Lorient Terem Moffi
20%
20 Senegal Racing Straßburg Habib Diallo
16%
19 Frankreich HSC Montpellier Elye Wahi
12%
Keine übereinstimmenden Quizze gefunden
Verteilung der Resultate
Anzahl Personen mit jedem Resultat
Perzentil nach korrekt beantworteten Fragen
Ihre Resultats-Entwicklung
Sie haben dieses Quiz noch nicht gespielt